00145nam a22000737a 4500041000800000080000700008100002100015245003500036 aeng a80 aNorthman, Philip aCliffs Notes: The Great Gatsby